Comunidades rurales en el occidente medieval
Uloženo v:
| Hlavní autor: | |
|---|---|
| Médium: | Kniha |
| Jazyk: | španělština |
| Vydáno: |
Barcelona, España
Crítica
1993
|
| Edice: | Crítica. Historia Medieval
|
| Témata: | |
| Tagy: |
Přidat tag
Žádné tagy, Buďte první, kdo vytvoří štítek k tomuto záznamu!
|
MARC
| LEADER | 00000nam a2200000 a 4500 | ||
|---|---|---|---|
| 001 | UCL0651 | ||
| 003 | CL-VaPUC | ||
| 005 | 20210709001734.0 | ||
| 008 | 030801e19930000SP |||||||||||||||||spa|d | ||
| 999 | |c 304466 |d 304464 | ||
| 020 | |a 8474235863 | ||
| 040 | |c Pontificia Universidad Católica de Valparaíso | ||
| 082 | 0 | 4 | |a 307.72094 GEN 1993 |2 21 |
| 100 | |a Genicot, Léopold |e autor |9 477351 | ||
| 245 | 1 | 0 | |a Comunidades rurales en el occidente medieval |
| 260 | |a Barcelona, España |b Crítica |c 1993 | ||
| 300 | |a 233 páginas | ||
| 490 | 0 | |a Crítica. Historia Medieval | |
| 583 | |a last modification |c 20030801 00:00:00 |k Rodrigo Vera | ||
| 650 | 0 | |a Historia social |9 313638 | |
| 650 | 0 | |a Comunidades rurales |2 CL-VaPUC |9 395931 |x Agricultura |x Aspectos económicos | |
| 650 | 0 | |a Historia económica |9 307218 |x Condiciones sociales |z Europa | |
| 942 | |c BK |2 ddc | ||
| 945 | |d 20030801 00:00:00 |a cmena | ||
| 952 | |0 0 |1 0 |2 ddc |4 0 |6 307_720940000000000_GEN_1993 |7 0 |8 A |9 366766 |a BIBHIS |b BIBHIS |d 2019-11-21 |i 3907090 |o 307.72094 GEN 1993 |p 3907090 |r 2025-01-20 |t 1 |w 2019-11-21 |y BK |k HIS | ||